Nalaganje...

Technical aspects of agricultural projects V .1

Bibliografske podrobnosti
Glavni avtor: NABARD
Format: Printed Book
Jezik:Undetermined
English
Izdano: Bombay NABARD 1989
Teme:
LEADER 00589nam a2200193Ia 4500
008 140306s9999 xx 000 0 und d
041 |a eng 
082 |a 631  |b NAB/TE 
100 |a NABARD 
245 |a Technical aspects of agricultural projects V .1 
260 |a Bombay  |b NABARD  |c  1989 
300 |a 403 
365 |b Rs .27 
650 |a land reclamational 
650 |a Water conservation 
650 |a water lift irrigation 
942 |2 ddc  |c BK 
999 |c 179013  |d 179013 
952 |0 0  |1 0  |2 ddc  |4 0  |6 631_000000000000000_NAB_TE  |7 0  |9 184104  |a KAUCBV  |b KAUCBV  |g 27.00  |o 631 NAB/TE  |r 2014-03-22  |w 2014-03-22  |y BK